000 01040nam a22002897a 4500
001 5117
003 FISKH
005 20241106162222.0
008 241106b cb ||||| |||| 00| 0 eng d
020 _a9780439221887
040 _aFISKH
_beng
_cFISKH
_dFISKH
050 _aPZ7.C94137
082 _a813.54
100 _aCurtis, Christopher Paul
245 _aBud, Not Buddy /
_cby Christopher Paul Curtis
250 _aFirst Scholastic paperback printing , January 2002
260 _aNew York :
_bScholastic ;
_c1999.
300 _a245 pages :
_billsutrations ;
_c20 cm .
505 _aZ
520 _aTen-year-old Bud, a motherless boy living in Flint, Michigan, during the Great Depression, escapes a bad foster home and sets out in search of the man he believes to be his father--the renowned bandleader, H.E. Calloway of Grand Rapids.
521 8 _a950
_bLexile
521 8 _aZ
_bRaz-Plus
650 _aorphans
_vfiction
700 _aWatts, Trish P.
_eBook designer
942 _2ddc
_cBK
_n0
999 _c5117
_d5117